Não só quem nos odeia (Registo nº 201462)

Detalhes MARC
000 -Etiqueta do registo
Valores 00599nam 22001933 4500
100 ## - Dados gerais de processamento
Dados gerais 20241002d u||y0pory50 ba
200 ## - Titulo e menção de responsabilidade
Título próprio Não só quem nos odeia
Primeira menção de responsabilidade Y. K. Centeno
210 ## - Publicação
Local de publicação Lisboa
Nome do editor Portugália
Data de publicação imp. 1966
215 ## - Descrição física 
Paginação / Volumes 102, [3] p.
Outras indicações físicas brochado
Dimensões 21 cm
225 ## - Colecção 
Título próprio da colecção Novos
Número de parte ou secção 5
Nome de parte ou secção Série Novos Romancistas
Indicação de volume 13
300 ## - Notas gerais 
Texto da nota Contém dedicatória na folha de guarda
606 ## - Nome comum usado como assunto
ID Autoridade 6
Palavra de ordem Literatura Portuguesa
675 ## - CDU
Notação 821.134.3-3
Edição PT
Língua por
700 ## - Autor principal (pessoa individual)
Apelido Centeno
Nome Yvette K.
Datas 1940-
ID Autoridade 8628
801 ## - Fonte de origem
País PT
Agência BMMN
Regras de catalogação RPC
830 ## - Notas gerais do catalogador
Criado por Ana Falardo
Indexado por Ana Falardo
990 ## - Elementos KOHA
Tipo de documento Livro
Exemplares
Situação do levantamento Biblioteca de origem Código de barras Cota Permissão de empréstimo Tipo de documento Nota relativa ao exemplar Forma de aquisição
  Biblioteca Municipal de Montemor-o-Novo 30789 821.134.3-3 CEN|SAF   Livro Acesso Condicionado Oferta

Powered by Koha